(The) Freezing and cold storage of fish (Record no. 2656)

000 -LEADER
fixed length control field 00366nam a22001457a 4500
008 - FIXED-LENGTH DATA ELEMENTS--GENERAL INFORMATION
fixed length control field 200312b ||||| |||| 00| 0 eng d
082 00 - DEWEY DECIMAL CLASSIFICATION NUMBER
Classification number 664.8
Item number R2889
100 ## - MAIN ENTRY--PERSONAL NAME
9 (RLIN) 2250
Personal name Reay, G. A.
245 10 - TITLE STATEMENT
Title (The) Freezing and cold storage of fish
260 ## - PUBLICATION, DISTRIBUTION, ETC. (IMPRINT)
Place of publication, distribution, etc London
Name of publisher, distributor, etc HMSO
Date of publication, distribution, etc 1950
300 ## - PHYSICAL DESCRIPTION
Extent 20 p.
365 ## - TRADE PRICE
Unit of pricing 0.6
650 #0 - SUBJECT ADDED ENTRY--TOPICAL TERM
Topical term or geographic name as entry element Cold storage
942 ## - ADDED ENTRY ELEMENTS (KOHA)
Item type Books
Holdings
Withdrawn status Lost status Source of classification or shelving scheme Damaged status Not for loan Permanent location Current location Date acquired Source of acquisition Full call number Barcode Date last seen Koha item type
          IMU Kolkata IMU Kolkata 1954-03-26 A. H. Wheeler 664.8 R2889 02103 2020-03-12 Books
Designed and Maintained by IMU-KC Library, Kolkata Campus © Copyright All Rights Reserved

webs counters

Powered by Koha